000 00551nam a2200205Ia 4500
005 20250923145856.0
008 008 250917s9999 xx 000 0 eng d
037 _aTextual
040 _aDSWL
_beng
_cDSWL
041 _aeng
_2eng
084 _aY;X:8, N92
_qDSWL
100 _aChowdhry, D.P.
_9839835
245 0 _aSocial welfare administration
_cby D. P. Chowdhry
260 _bAtma Ram & Sons
_c1992
300 _a312p.
365 _aINR
_b150.00
925 _g150.00
942 _cTEXL
_hY;X:8, N92
999 _c1456797
_d1456797